00401cam a2200145ua 4500001000400000008003900004040000900043082002000052245003100072250003400103260004800137300001900185653002200204653002900226969110425n ii |||gr||||Z||||||eng cMAIN a343.074509541621 aRural development in Assam bedited by Nikunja Lata Dutta. aDibrugarh:bRegistrar,Dibrugarh university. aix, 226p.:0cm. aPolitical science aRural delopment in Assam